OPAC Home

එළිය විහිදෙන නුවණ. චතුරාර් සත්ාවබෝධයට ධර්ම දේශනා (Record no. 130912)

MARC details
000 -LEADER
fixed length control field 00604nam a2200169Ia 4500
003 - CONTROL NUMBER IDENTIFIER
control field LK-CoDNM
008 - FIXED-LENGTH DATA ELEMENTS--GENERAL INFORMATION
fixed length control field 010623t2011 xxu||||| |||| 00| 1 sin d
040 ## - CATALOGING SOURCE
Original cataloging agency LK-CoDNM
Modifying agency LK-CoDNM
Description conventions LK-CoDNM
041 ## - LANGUAGE CODE
Language code of text/sound track or separate title Sinhala; Sinhalese
080 ## - UNIVERSAL DECIMAL CLASSIFICATION NUMBER
Universal Decimal Classification number 294.3 DNA
942 ## - ADDED ENTRY ELEMENTS (KOHA)
Koha item type Books
100 ## - MAIN ENTRY--PERSONAL NAME
Personal name Gnanananda Himi, Kiribathgoda
245 ## - TITLE STATEMENT
Title එළිය විහිදෙන නුවණ. චතුරාර් සත්ාවබෝධයට ධර්ම දේශනා
246 ## - VARYING FORM OF TITLE
Title proper/short title Eliya Vihidena Nuwana. Chathurarya Saththyawabodayata Dharma Deshana
260 ## - PUBLICATION, DISTRIBUTION, ETC. (IMPRINT)
Name of publisher, distributor, etc. Mahamegha Prakashakayo
Place of publication, distribution, etc. Polgahawela
Date of publication, distribution, etc. 2011
300 ## - PHYSICAL DESCRIPTION
Other physical details 94, 21 cm
Holdings
Withdrawn status Lost status Damaged status Not for loan Collection code Permanent Location Current Location Date acquired Full call number Barcode Koha item type
        Monographs Library National Museum Colombo - Sri Lanka Library National Museum Colombo - Sri Lanka 2023-08-02 294.3 DNA P37052 Books
Copyright © 2023 Department of National Museum, Colombo 07, Sri Lanka Funded by UNESCO IFAP UNESCO